Pooh's Best Place / A. A. Milne ; illustrated by Robbin Cuddy (Record no. 384294)
[ view plain ]
| 000 -LEADER | |
|---|---|
| fixed length control field | 00994nam a2200277 a 4500 |
| 005 - DATE AND TIME OF LATEST TRANSACTION | |
| control field | 20230517062055.0 |
| 008 - FIXED-LENGTH DATA ELEMENTS--GENERAL INFORMATION | |
| fixed length control field | 990419s1999 nyua a 000 1 eng d |
| 020 ## - INTERNATIONAL STANDARD BOOK NUMBER | |
| International Standard Book Number | 071728896X |
| 040 ## - CATALOGING SOURCE | |
| Original cataloging agency | KyLxBWI |
| Modifying agency | KyLxBWI |
| -- | ICrlF |
| Description conventions | rda |
| 082 04 - DEWEY DECIMAL CLASSIFICATION NUMBER | |
| Classification number | E Milne |
| 092 ## - LOCALLY ASSIGNED DEWEY CALL NUMBER (OCLC) | |
| Classification number | E Milne |
| 100 1# - MAIN ENTRY--PERSONAL NAME | |
| Personal name | Milne, A. A. |
| 9 (RLIN) | 5854398 |
| 245 10 - TITLE STATEMENT | |
| Title | Pooh's Best Place / A. A. Milne ; illustrated by Robbin Cuddy |
| 250 ## - EDITION STATEMENT | |
| Edition statement | 1st ed. |
| 260 ## - PUBLICATION, DISTRIBUTION, ETC. (IMPRINT) | |
| Place of publication, distribution, etc | New York : |
| Name of publisher, distributor, etc | Disney Press, |
| Date of publication, distribution, etc | c1999. |
| 264 ## - Production, Publication, Distribution, Manufacture, and Copyright Notice. | |
| Place of production, publication, distribution, manufacture | New York, NY : |
| Name of producer, publisher, distributor, manufacturer | Disney Press, |
| Date of production, publication, distribution, manufacture, or copyr | 1999 |
| 490 1# - SERIES STATEMENT | |
| Series statement | My very first Winnie the Pooh |
| 520 ## - SUMMARY, ETC. | |
| Summary, etc | When all Pooh's friends have best places, Pooh searches for his best place. |
| 650 #1 - SUBJECT ADDED ENTRY--TOPICAL TERM | |
| Topical term or geographic name as entry element | Winnie-the-Pooh (Fictitious character) |
| Form subdivision | Fiction. |
| 9 (RLIN) | 5799249 |
| 650 #1 - SUBJECT ADDED ENTRY--TOPICAL TERM | |
| 9 (RLIN) | 5688179 |
| 650 #7 - SUBJECT ADDED ENTRY--TOPICAL TERM | |
| Topical term or geographic name as entry element | Winnie-the-Pooh (Fictional character) |
| Form subdivision | Fiction. |
| Source of heading or term | sears |
| 9 (RLIN) | 6467509 |
| 650 #7 - SUBJECT ADDED ENTRY--TOPICAL TERM | |
| 9 (RLIN) | 6349508 |
| 700 1# - ADDED ENTRY--PERSONAL NAME | |
| Personal name | Cuddy, Robbin, |
| Relator term | ill. |
| 9 (RLIN) | 41226 |
| 800 1# - SERIES ADDED ENTRY--PERSONAL NAME | |
| Personal name | Winkelman, Barbara Gaines |
| Title of a work | My very first Winnie the Pooh. |
| 9 (RLIN) | 6467510 |
| 942 ## - ADDED ENTRY ELEMENTS (KOHA) | |
| Koha item type | BOOK |
| Source of classification or shelving scheme | Dewey Decimal Classification |
| Withdrawn status | Lost status | Source of classification or shelving scheme | Damaged status | Not for loan | Collection code | Home library | Current library | Shelving location | Date acquired | Source of acquisition | Total Checkouts | Total Renewals | Full call number | Barcode | Date last seen | Date checked out | Cost, replacement price | Price effective from | Koha item type |
|---|---|---|---|---|---|---|---|---|---|---|---|---|---|---|---|---|---|---|---|
| Dewey Decimal Classification | Children Picture Books | Wasatch County Library | Wasatch County Library | Main Floor Childrens Area | 05/17/2023 | Donation | 11 | 7 | E Milne | 34301002020222 | 11/19/2025 | 10/15/2025 | 10.00 | 05/17/2023 | BOOK |
